Statistiques concernant Sigles et acronymes 3: Monde médical

Cliquez ici pour prendre le quiz!

Statistiques générales

  • Ce quiz a été pris 323 fois
  • Le résultat moyen est 37 sur 69

Statistiques - réponses

HintRéponse% Correct
CHUCentre
91%
VIHVirus
91%
OMSOrganisation
89%
Vasculaire
89%
Hospitalier
88%
Mondiale
87%
Santé
87%
AVCAccident
86%
De
86%
Médicale
85%
Cérébral
83%
Universitaire
83%
Par
77%
IRMImagerie
75%
Minute
74%
BPMBattements
73%
Assistée
70%
PMAProcréation
70%
SAMUService
68%
IDEInfirmier
67%
Médicalement
67%
Soins
67%
Soins
67%
Jour
66%
IFSIInstitut
65%
Magnétique
65%
HDJHopital
64%
Maladie
63%
CPAMCaisse
57%
Formation
57%
Assurance
56%
USIUnité
56%
Etat
55%
Diplomé
54%
Infirmiers
53%
Résonance
53%
Intensifs
50%
MDPHMaison
49%
Primaire
49%
Aide
48%
MSFMédecins
47%
Médecins
47%
Sans
47%
Départementale
45%
Départementale
45%
Frontières
45%
Humaine
45%
Immunodéficience
45%
Urgente
44%
RORRougeole
43%
Rubéole
43%
Oreillons
42%
SRASSyndrome
41%
Personnes
40%
Handicapées
39%
DDASSDirection
35%
Respiratoire
35%
Aigu
28%
BEPSBrevet
28%
National
24%
Secours
22%
Sociales
21%
Ordre
20%
Sanitaires
18%
Sévère
18%
CNOMConseil
17%
Affaires
13%
Premiers
12%
Européen
3%

Distribution des résultats

Percentile par nombre de réponses

% des personnes avec chaque résultat

Votre développement - résultats

Vous n’avez pas pris ce quiz